| 000 | 00287nam a2200085Ia 4500 | ||
|---|---|---|---|
| 008 | 220120s9999||||xx |||||||||||||| ||und|| | ||
| 100 |
_aShanthala, N and Tejaswini _912204 |
||
| 245 | 0 | _aDesign and implementation of web filtering tool | |
| 260 |
_aCoorg Institute of Technology _bPonnampet _c2009 |
||
| 999 |
_c137790 _d137790 |
||